Statistics for 20 Most Streamed Songs from 2010 on Spotify

Click here to take the quiz!

General Stats

  • This quiz has been taken 213 times
    (206 since last reset)
  • The average score is 15 of 20

Answer Stats

ArtistSong% Correct
Bruno MarsJust the Way You Are
97%
Bruno MarsThe Lazy Song
97%
Bruno MarsMarry You
97%
Bruno MarsTalking to the Moon
97%
Bruno MarsGrenade
97%
Katy PerryLast Friday Night (T.G.I.F.)
96%
Katy PerryThe One That Got Away
96%
Katy PerryFirework
96%
Maroon 5Moves Like Jagger
91%
KeshaTiK ToK
87%
RihannaS&M
84%
RihannaOnly Girl (In The World)
84%
EminemNot Afraid
80%
EminemLove The Way You Lie
80%
TrainHey, Soul Sister
66%
Taio CruzDynamite
63%
Kanye WestPOWER
43%
David GuettaMemories
24%
MiguelSure Thing
17%
LucenzoVem Dancar Kudro
9%

Score Distribution

Percentile by Number Answered

Percent of People with Each Score

Your Score History

You have not taken this quiz since the last reset